000 00779cab a2200205 4500
001 WB2610-33
008 090401t1990 xxu||||| |||| 00| 0 eng d
035 _a(Sirsi) u3548
041 _aeng
245 _aChange of use decision
260 _c1990
350 _a0
490 _aEGCS
_v(1990) 25
520 _aIn Cawley v SOS for the Environment QBD 21 February 1990 an appeal against an enforcement notice alleging an unauthorised material change of use of land from a garden centre to the storage and sale of caravans , on the grounds that both uses fell within Class A1 , was dismissed.
650 _aPLANNING APPEAL
650 _aTOWN AND COUNTRY PLANNING (USE CLASSES) ORDER 1987
690 _aPLANNING LAW AND PRACTICE-CASE LAW
942 _n0
948 _c04/03/1997
999 _c2184
_d2184